Statistics for New York Rangers Roster 2019/2020 Season

Click here to take the quiz!

General Stats

  • This quiz has been taken 10 times
  • The average score is 13 of 23

Answer Stats

Position Answer Number % Correct
CMika Zibanejad93
100%
GHenrik Lundqvist30
100%
LWArtemi Panarin10
100%
RWPavel Buchnevich89
83%
Igor Shesterkin31
83%
Adam Fox23
83%
Tony DeAngelo77
83%
DJacob Trouba8
83%
Alexandar Georgiev40
83%
Ryan Strome16
67%
Brendan Lemieux48
50%
Jesper Fast17
50%
Chris Krieder20
50%
Filip Chytil72
50%
Kaapo Kakko24
50%
Phillip Di Giuseppe33
33%
Michael Haley38
33%
Marc Staal18
33%
Brendan Smith42
33%
Brett Howden21
33%
Julien Gauthier12
17%
Greg McKegg14
17%
Ryan Lindgren55
17%

Score Distribution

Percentile by Number Answered

Percent of People with Each Score

Your Score History

You have not taken this quiz